[Event "Heusenstamm Sparkassen op-A 5th"]
[Site "Heusenstamm"]
[Date "2018.11.23"]
[Round "3"]
[White "Martin, Reiner"]
[Black "Pham, Phuong Bao"]
[Result "1-0"]
[WhiteElo "2023"]
[BlackElo "1812"]
[PlyCount "67"]
[EventDate "2018.11.22"]
[EventType "swiss"]
[EventRounds "7"]
[EventCountry "GER"]
[SourceTitle "CBM 188 Extra"]
[Source "ChessBase"]
[SourceDate "2019.02.26"]
[SourceVersion "1"]
[SourceVersionDate "2019.02.26"]
[SourceQuality "1"]

1. d4 d5 2. c4 c6 3. Nf3 e6 4. Nc3 dxc4 5. a4 Bb4 6. e3 b5 7. Bd2 a5 8. axb5 Bxc3 9. Bxc3 cxb5 10. b3 Bb7 11. bxc4 b4 12. Bd2 Nf6 13. Bd3 Nbd7 14. 0-0 Ne4 15. Be1 0-0 16. Qc2 f5 17. Kh1 g5 18. Ng1 g4 19. Ne2 Qh4 20. f3 g3 21. Nxg3 Nxg3+ 22. Bxg3 Qg5 23. Bf4 Qh4 24. Bd6 Rf7 25. Rfd1 Rg7 26. d5 exd5 27. cxd5 Rg6 28. Bf4 Rc8 29. Qb1 Bxd5 30. Bxf5 Qf2 31. Bxg6 Nf6 32. Bxh7+ Kg7 33. Qg6+ Kf8 34. Bd6# 1-0

[Event "Heusenstamm Sparkassen op-A 5th"]
[Site "Heusenstamm"]
[Date "2018.11.22"]
[Round "1"]
[White "Pham, Phuong Bao"]
[Black "Braun, Michael1111"]
[Result "0-1"]
[WhiteElo "1812"]
[BlackElo "2070"]
[PlyCount "92"]
[EventDate "2018.11.22"]
[EventType "swiss"]
[EventRounds "7"]
[EventCountry "GER"]
[SourceTitle "CBM 188 Extra"]
[Source "ChessBase"]
[SourceDate "2019.02.26"]
[SourceVersion "1"]
[SourceVersionDate "2019.02.26"]
[SourceQuality "1"]

1. e4 c5 2. Nf3 d6 3. d4 cxd4 4. Nxd4 Nf6 5. Nc3 a6 6. f3 e5 7. Nb3 Be6 8. Be3 Be7 9. Qd2 0-0 10. 0-0-0 a5 11. Bb5 Na6 12. g4 Nc7 13. g5 Nd7 14. Ba4 Qb8 15. Qe2 Rc8 16. h4 b5 17. Nxb5 Nxb5 18. Qxb5 Qc7 19. Qd3 Nb6 20. Bxb6 Qxb6 21. Nd2 Rab8 22. b3 Qb4 23. Nb1 Rc5 24. Rd2 g6 25. c3 d5 26. Rc2 Qb7 27. Re1 Rbc8 28. Ree2 h6 29. Qe3 hxg5 30. hxg5 d4 31. cxd4 exd4 32. Qxd4 Bxg5+ 33. Kb2 Qe7 34. e5 Bf5 35. Rxc5 Rxc5 36. f4 Bh6 37. Na3 Be6 38. Rc2 Rd5 39. Qf2 Qb4 40. Nc4 Bf8 41. Qb6 Qe1 42. Bb5 Rd1 43. Na3 Qb4 44. Nc4 Bxc4 45. Rxc4 Qa3+ 46. Kc2 Qc1# 0-1

[Event "Frankfurt-chA"]
[Site "Frankfurt"]
[Date "2018.04.30"]
[Round "1"]
[White "Pham, Phuong Bao"]
[Black "Legde, Georg"]
[Result "0-1"]
[WhiteElo "1757"]
[BlackElo "2273"]
[PlyCount "62"]
[EventDate "2018.04.30"]
[EventType "swiss"]
[EventRounds "7"]
[EventCountry "GER"]
[SourceTitle "EXT 2019"]
[Source "ChessBase"]
[SourceDate "2018.10.10"]
[SourceVersion "1"]
[SourceVersionDate "2018.10.10"]
[SourceQuality "1"]

1. c4 e6 2. Nf3 Nf6 3. d4 Bb4+ 4. Bd2 c5 5. Bxb4 cxb4 6. Nbd2 0-0 7. e4 d6 8. Bd3 e5 9. 0-0 Re8 10. Qb3 a5 11. a3 Na6 12. axb4 Nxb4 13. d5 Nd7 14. Bb1 Nc5 15. Qc3 Bd7 16. b3 Qb6 17. Ne1 a4 18. Nd3 Nbxd3 19. Bxd3 axb3 20. Rfb1 Rxa1 21. Rxa1 Ba4 22. Rb1 Rc8 23. Be2 g6 24. Bg4 Ra8 25. h4 Rf8 26. Bd1 f5 27. Bf3 fxe4 28. Bxe4 Rxf2 29. Kh1 Rxd2 30. Qxd2 Nxe4 31. Qe2 Ng3+ 0-1

[Event "GER-chT U20"]
[Site "Borken"]
[Date "2016.12.30"]
[Round "7.4"]
[White "Pham, Phuong Bao"]
[Black "Karl, Binh"]
[Result "1-0"]
[WhiteElo "1805"]
[BlackElo "1791"]
[PlyCount "89"]
[EventDate "2016.12.27"]
[EventType "team-swiss"]
[EventRounds "7"]
[EventCountry "GER"]
[SourceTitle "EXT 2018"]
[Source "ChessBase"]
[SourceDate "2017.10.13"]
[SourceVersion "1"]
[SourceVersionDate "2017.10.13"]
[SourceQuality "1"]
[WhiteTeam "Frankfurt"]
[BlackTeam "Plauen Koenig"]
[WhiteTeamCountry "GER"]
[BlackTeamCountry "GER"]

1. e4 c5 2. Nf3 e6 3. g3 Nc6 4. Bg2 Qc7 5. c4 Nf6 6. Nc3 a6 7. 0-0 d6 8. d3 Be7 9. a3 0-0 10. Rb1 Rb8 11. b4 Rd8 12. b5 Nd4 13. b6 Qd7 14. Bf4 Qe8 15. e5 dxe5 16. Nxe5 Bd6 17. Re1 Bd7 18. Ne4 Nxe4 19. Bxe4 Bc6 20. Nxc6 Nxc6 21. Bxd6 Rxd6 22. Qa4 Qd7 23. Rbd1 Rd8 24. Re3 Nd4 25. Qxd7 R8xd7 26. Rb1 Nc2 27. Re2 Nd4 28. Re3 Nc2 29. Re2 Nd4 30. Ree1 Nc2 31. Rec1 Nd4 32. Kf1 f5 33. Bg2 Nc6 34. f4 Nd8 35. Re1 Rxd3 36. Re5 Rxa3 37. Rxc5 Rad3 38. Rc7 Rf7 39. Ke2 Rdd7 40. Rd1 Rxd1 41. Kxd1 Kf8 42. c5 Re7 43. Kc2 e5 44. fxe5 Ne6 45. c6 1-0

[Event "GER-chT U20"]
[Site "Borken"]
[Date "2016.12.29"]
[Round "5.4"]
[White "Pham, Phuong Bao"]
[Black "Kamp, Aaron"]
[Result "0-1"]
[WhiteElo "1805"]
[BlackElo "1580"]
[PlyCount "106"]
[EventDate "2016.12.27"]
[EventType "team-swiss"]
[EventRounds "7"]
[EventCountry "GER"]
[SourceTitle "EXT 2018"]
[Source "ChessBase"]
[SourceDate "2017.10.13"]
[SourceVersion "1"]
[SourceVersionDate "2017.10.13"]
[SourceQuality "1"]
[WhiteTeam "Frankfurt"]
[BlackTeam "Muenster"]
[WhiteTeamCountry "GER"]
[BlackTeamCountry "GER"]

1. e4 c5 2. Nf3 d6 3. d4 cxd4 4. Nxd4 Nf6 5. Nc3 g6 6. Be3 Bg7 7. f3 0-0 8. Bc4 Nc6 9. Qd2 Bd7 10. h4 h5 11. 0-0-0 Rc8 12. Bb3 Nxd4 13. Bxd4 b5 14. g4 b4 15. Nd5 Nxd5 16. Bxg7 Kxg7 17. Bxd5 Qb6 18. gxh5 Ba4 19. b3 Bd7 20. h6+ Kh7 21. h5 e6 22. hxg6+ fxg6 23. Qg5 Qd8 24. Qxd8 Rcxd8 25. Bc4 Bc8 26. Rd3 Rfe8 27. Rhd1 Kxh6 28. Rxd6 Rxd6 29. Rxd6 Kg5 30. Kd2 Kf4 31. Be2 Ke5 32. Rc6 Kf4 33. c3 Rd8+ 34. Bd3 bxc3+ 35. Kxc3 Kxf3 36. Rc7 a6 37. Rg7 Ke3 38. Bc2 Rd6 39. Rxg6 Bb7 40. e5 Rc6+ 41. Kb2 Rxc2+ 42. Kxc2 Be4+ 43. Kc3 Bxg6 44. Kc4 Ke4 45. Kc5 Kxe5 46. Kb6 Bd3 47. b4 Kd5 48. a4 e5 49. b5 Bxb5 50. axb5 axb5 51. Kxb5 Kd4 52. Kb4 Kd3 53. Kb3 e4 0-1

[Event "GER-chT U20"]
[Site "Borken"]
[Date "2016.12.29"]
[Round "6.4"]
[White "Von Koslowski, Wilhelm"]
[Black "Pham, Phuong Bao"]
[Result "0-1"]
[WhiteElo "1609"]
[BlackElo "1805"]
[PlyCount "48"]
[EventDate "2016.12.27"]
[EventType "team-swiss"]
[EventRounds "7"]
[EventCountry "GER"]
[SourceTitle "EXT 2018"]
[Source "ChessBase"]
[SourceDate "2017.10.13"]
[SourceVersion "1"]
[SourceVersionDate "2017.10.13"]
[SourceQuality "1"]
[WhiteTeam "Coswig"]
[BlackTeam "Frankfurt"]
[WhiteTeamCountry "GER"]
[BlackTeamCountry "GER"]

1. e4 c5 2. Nf3 Nc6 3. d4 cxd4 4. Nxd4 g6 5. Be3 Bg7 6. Nc3 Nf6 7. Be2 0-0 8. Qd2 d5 9. exd5 Nxd5 10. 0-0-0 Nxe3 11. fxe3 Qa5 12. Bc4 Bg4 13. Be2 Bxe2 14. Ndxe2 Rfd8 15. Qe1 Rxd1+ 16. Qxd1 Rd8 17. Qe1 b5 18. Kb1 b4 19. Nd1 Qe5 20. c3 Qe4+ 21. Ka1 Qxg2 22. Nf4 Qd2 23. Qxd2 Rxd2 24. h3 e5 0-1